000 00520nam a2200229Ia 4500
005 20250425162752.0
008 250425s9999 xx 000 0 und d
020 _a9789978925973
041 _aspa
043 _aec
082 _a863
100 _aCARVALHO-NETO, PAULO DE
245 0 _aMI TIO ATAHUALPA
250 _a1A ED.
260 _aEcuador
_bMINISTERIO DE CULTURA
_c2008
260 _aQUITO
300 _a274
650 _aLITERATURA
650 _aNOVELAS LATINAS
942 _c01
010 _a107371
999 _c236048
_d236048